Nafta mení svoju profiláciu na plynárenskú servisnú spoločnosť

Požiadavka bánk na zmenu podnikateľskej aktivity Nafty, a.s. Gbely, vzhľadom na zhoršujúcu sa finančnú situáciu spoločnosti. Hlavný predmet podnikania spoločnosti bude podzemné uskladňovanie plynu a obchodovanie s ním. Snaha o zvýšenie kvality služieb. Snaha o dosiahnutie ekonomickej efektívnosti ka...

Descripción completa

Guardado en:
Detalles Bibliográficos
Autor principal: Hirman, Karel
Formato: Capítulo de libro
Lenguaje:eslovaco
Materias:
Etiquetas: Agregar Etiqueta
Sin Etiquetas, Sea el primero en etiquetar este registro!

MARC

LEADER 00000naa a2200000 4500
001 r034013
005 20230921103340.0
041 0 |a slo 
044 |a SK 
245 1 0 |a Nafta mení svoju profiláciu na plynárenskú servisnú spoločnosť  |c Karel Hirman 
520 |a Požiadavka bánk na zmenu podnikateľskej aktivity Nafty, a.s. Gbely, vzhľadom na zhoršujúcu sa finančnú situáciu spoločnosti. Hlavný predmet podnikania spoločnosti bude podzemné uskladňovanie plynu a obchodovanie s ním. Snaha o zvýšenie kvality služieb. Snaha o dosiahnutie ekonomickej efektívnosti každej dcérskej spoločnosti. 
610 2 0 |a plyn 
610 2 0 |a plyn zemný 
610 2 0 |a ropa 
610 2 0 |a podnikanie 
610 2 0 |a služby 
610 2 0 |a Slovensko 
610 2 0 |a Nafta, a.s. Gbely 
100 1 |a Hirman, Karel